Komparácia podstaty foresightu a iných hlavných štúdii budúcnosti
Porovnanie foresightu s inými hlavnými štúdiami budúcnosti (predvídaním, prognózovaním a strategickým plánovaním), ktoré sú buď zamieňané s foresightom, alebo neadekvátne interpretované.
Enregistré dans:
| Auteur principal: | |
|---|---|
| Format: | Chapitre de livre |
| Langue: | slovaque |
| Sujets: | |
| Tags: |
Pas de tags, Soyez le premier à ajouter un tag!
|
MARC
| LEADER | 00000naa$a2200000$$$4500 | ||
|---|---|---|---|
| 001 | 0111312 | ||
| 005 | 20240502083257.2 | ||
| 041 | 0 | |a slo | |
| 044 | |a CZ | ||
| 245 | 1 | 0 | |a Komparácia podstaty foresightu a iných hlavných štúdii budúcnosti |c Marek Jemala |
| 520 | |a Porovnanie foresightu s inými hlavnými štúdiami budúcnosti (predvídaním, prognózovaním a strategickým plánovaním), ktoré sú buď zamieňané s foresightom, alebo neadekvátne interpretované. | ||
| 610 | 2 | 0 | |a plánovanie strategické |
| 610 | 2 | 0 | |a predvídanie |
| 610 | 2 | 0 | |a prognózovanie |
| 610 | 2 | 0 | |a analýza technická |
| 610 | 2 | 0 | |a riziko |
| 100 | 1 | |a Jemala, Marek | |